000 00410nam a2200181Ia 4500
001 10621
005 20260306161845.0
008 260306t1947||||xx |||||||||||||| ||spa||
041 _aESP
082 _a944.08
_bB84
100 _aDrogan, D.W.
_eAUT
245 0 _aFrancia 1870 - 1939
260 _c1947
300 _a897 páginas :
_c24 cm.
650 _aGEN
654 _aCHU
942 _cLIB
_dJUS
_fJUS
_2ddc
_n
999 _c10621
_d10621